| 000 | 01114nac a22003497a 4500 | ||
|---|---|---|---|
| 001 | BR0004024 | ||
| 003 | BR-BrBNA | ||
| 005 | 20240105122454.0 | ||
| 008 | 230509b bl.|||m| |||| 00| 0 por d | ||
| 040 |
_aBR-BrBNA _bpor _cBiblioteca Nacional de Agricultura |
||
| 072 | _aF01; E70 | ||
| 090 | _a1590 BR0004024 | ||
| 100 | 1 | _aSantos, F.F. dos | |
| 100 | 1 | _aCosta, G.P. da | |
| 100 | 1 | _aMacedo, P. de | |
| 100 | 1 | _aKrieck, R. da S. | |
| 110 | 1 | _aEmpresa Paranaense de Assistencia Tecnica e Extensao Rural, Curitiba (Brasil) | |
| 245 | 1 | _aMandioquinha-salsa no agronegocio do Estado do Parana | |
| 260 | 3 |
_aCuritiba, PR (Brasil): _c2000. |
|
| 300 | _a56 p. | ||
| 490 |
_aInformacao Tecnica - Empresa Paranaense de Assistencia Tecnica e Extensao Rural (Brazil) _vno. 51 _x |
||
| 500 | _a20 illus.; 6 tables; 11 ref. | ||
| 650 | _aMandioquinha-Salsa | ||
| 650 | _aMuda | ||
| 650 | _aAgribusiness | ||
| 650 | _aProducao Vegetal | ||
| 650 | _aPratica Cultural | ||
| 650 | _aAdubacao | ||
| 650 | _aCusto de Producao | ||
| 909 |
_a202312 _bLúcia Elande _c55 _dLúcia Elande |
||
| 942 |
_2AGRIS _n0 _cMS |
||
| 999 |
_c291209 _d291209 |
||